00762nam a2200229 a 450000100060000000300080000600500170001400800410003103500190007204000400009104100080013108200220013910000530016124501410021425000110035526000500036630000350041650400360045165000100048765000170049770000180051468802BD-RjUL20211209081818.0170405s1961 enka b 001 0 eng  a(BD-RjUL)69013 aDLCcODaWUdOCoLCdUkdBD-RjULbeng aeng a598223bALB 19611 aAllen, Arthur A.q(Arthur Augustus),d1885-1964.14aThe book of bird life :ba study of birds in their native haunts /cby Arthur A Allen; Photos. by the author & paintings by W.C. Dilger. a2d ed. aPrinceton, N.J.,bVan Nostrand com., cc1961. axxii, 396 p. :bill. ;c24 cm. aIncludes bibliography and index 0aBirds 0aOrnithology. aDilger, W.C.